| 000 | 00760nam a22002297a 4500 | ||
|---|---|---|---|
| 005 | 20170124105941.0 | ||
| 010 | _a591172 | ||
| 020 | _c00.00 | ||
| 035 | _a591172 | ||
| 037 | _bCen Lib/Ret | ||
| 040 |
_aDPL _bEN |
||
| 082 |
_a301.36 _2RAO |
||
| 100 |
_aRao, M.S. _911111 |
||
| 245 |
_aUrbanization and social change : _cby M.S. Rao _ba study of rural community on metropolitan fringe / |
||
| 260 |
_aNew Delhi _bOrient Longmans _c1970 |
||
| 270 |
_a3/5,Asaf ali nroad _bNew Delhi _e110001 |
||
| 300 |
_axi,254p. _c20cm(Hb) |
||
| 500 | _aIncludes bibliographical reference and index | ||
| 650 |
_aUrbanization -- India -- Yadavpur. _973033 |
||
| 650 |
_aComunidades rurales -- Yadavpur, India. _973034 |
||
| 942 |
_2ddc _cEN _h301.36 _mRAO |
||
| 999 |
_c124546 _d124546 |
||